00442nam a2200181Ia 4500003000400000005001700004008004100021020001400062040000700076041000800083082002100091100003600112245003600148250000600184260004100190300001600231365001300247OSt20230323102230.0210423s2005 xx 000 0 und d a521894670 cAL aeng a821.1 223bBOIP aBOITANI (Piero);MANN (Jill),Ed. aCambridge companion to Chaucer. a2 aUKbCambridge University Pressc2005 axiv,317bPB b995cINR